Trick Questions and Riddles - Statistics

General Stats
  • This quiz has been taken 1,144 times
    1,110 since last reset
  • The average score is 4 of 8
Answer Stats
Questions Answer % Correct
What gets wet when drying? Towel
82%
Before Mt. Everest was discovered, which was the tallest mountain ever? Mt. Everest
69%
WHATS 9 + 10??? 21
60%
If a butcher had size 10 shoes, what would he weigh? Meat
60%
If you are dead, where would you bury yourself? Nowhere
46%
What is closed when you are out and opened when you are in? A door
44%
If an electric train is travelling North, which direction would the smoke travel in? None
35%
If 100 rabbits and foxes were put together, who would win? Draw
2%
No matching quizzes found
Score Distribution
Percent of People with Each Score
Percentile by Number Answered
Your Score History
You have not taken this quiz since the last reset